[Event "Coupe de la Federation, phase inter-reg"]
[Site "?"]
[Date "2003.05.11"]
[Round "1"]
[White "Balaga, Michel"]
[Black "Djouder, Larbi"]
[Result "1-0"]
[WhiteElo "1720"]
[BlackElo "1730"]
[PlyCount "78"]

1. e4 e5 2. Nf3 Nc6 3. Bb5 d6 4. d4 exd4 5. Nxd4 Bd7 6. Nxc6 bxc6 7. Bc4 Nf6 8.
Nc3 Be7 9. O-O O-O 10. Bf4 Re8 11. Qf3 Bg4 12. Qg3 Qd7 13. f3 Bh5 14. Rad1 Bg6
15. Be3 Qc8 16. Ne2 h6 17. Nf4 Bh7 18. Bd4 c5 19. Bc3 g5 20. Rfe1 Kf8 21. Nd5
Nh5 22. Nxe7 Rxe7 23. Qf2 Nf4 24. Bd2 Ne6 25. c3 Rb8 26. b3 Kg7 27. Qg3 f6 28.
h4 Bg6 29. hxg5 fxg5 30. e5 Qe8 31. exd6 cxd6 32. Qxd6 Rb6 33. Qe5+ Kh7 34.
Bxe6 Rbxe6 35. Qg3 Re2 36. Rxe2 Rxe2 37. Re1 Rxe1+ 38. Qxe1 Qd7 39. Kf2 Kg7 1-0

[Event "Coupe de la Federation, phase inter-reg"]
[Site "?"]
[Date "2003.05.11"]
[Round "1"]
[White "Treveys, Maxime"]
[Black "Chemin, Serge"]
[Result "1-0"]
[WhiteElo "1680"]
[BlackElo "1690"]
[PlyCount "89"]

1. d4 Nf6 2. c4 e6 3. Nc3 d5 4. Bg5 Be7 5. e3 O-O 6. Nf3 b6 7. Bd3 Bb7 8. O-O
h6 9. Bh4 Nbd7 10. Bg3 c5 11. a3 Rc8 12. cxd5 exd5 13. Rc1 Ne4 14. Bxe4 dxe4
15. Nd2 cxd4 16. exd4 Bg5 17. Rc2 e3 18. fxe3 Bxe3+ 19. Bf2 Bxf2+ 20. Rxf2 Nf6
21. Nf3 Re8 22. Rfe2 Bxf3 23. Rxe8+ Qxe8 24. Qxf3 Qe1+ 25. Qf1 Qxf1+ 26. Kxf1
Ng4 27. Kg1 Kf8 28. Re2 Rd8 29. h3 Nf6 30. Rd2 Nd5 31. Nxd5 Rxd5 32. Kf2 Ke7
33. Ke3 f5 34. Rc2 Kd7 35. Rf2 g5 36. g3 Ke6 37. b4 Kd6 38. a4 Ke6 39. Rc2 f4+
40. gxf4 gxf4+ 41. Ke4 f3 42. Rc6+ Rd6 43. Rxd6+ Kxd6 44. Kxf3 Kd5 45. Ke3 1-0

[Event "Coupe de la Federation, phase inter-reg"]
[Site "?"]
[Date "2003.05.11"]
[Round "1"]
[White "Esteoule, Guy"]
[Black "Konieczny, Johan"]
[Result "1-0"]
[WhiteElo "1670"]
[BlackElo "1610"]
[PlyCount "73"]

1. e4 e5 2. Nf3 Nc6 3. d4 exd4 4. Bc4 Nf6 5. O-O d6 6. Ng5 d5 7. exd5 Na5 8.
Bb5+ Bd7 9. Bxd7+ Qxd7 10. Qe1+ Be7 11. Qxa5 O-O 12. Nf3 Nxd5 13. c3 b6 14. Qa6
Rfb8 15. Nxd4 b5 16. Qc6 Qd6 17. Qxd6 Bxd6 18. Nd2 a6 19. Ne4 Re8 20. Nxd6 cxd6
21. Bg5 b4 22. c4 Nc7 23. b3 Ne6 24. Be3 Nxd4 25. Bxd4 Re4 26. Rad1 Rae8 27.
Be3 g6 28. Rxd6 R8e6 29. Rxe6 Rxe6 30. Rd1 f5 31. Kf1 a5 32. Rd5 a4 33. Bc5
axb3 34. axb3 Ra6 35. Bxb4 Ra1+ 36. Be1 Rb1 37. Rd3 1-0

[Event "Coupe de la Federation, phase inter-reg"]
[Site "?"]
[Date "2003.05.11"]
[Round "1"]
[White "Minchilli, Franco"]
[Black "Marchal, Roger"]
[Result "1/2-1/2"]
[WhiteElo "1600"]
[BlackElo "1620"]
[PlyCount "134"]

1. d4 e5 2. e4 exd4 3. c3 dxc3 4. Nxc3 Bb4 5. Bc4 Nf6 6. Bd2 Bxc3 7. Bxc3 O-O
8. e5 Ne4 9. Ne2 Nxf2 10. Kxf2 Qh4+ 11. Ng3 Qxc4 12. Re1 Nc6 13. Kg1 Rd8 14.
Re4 Qc5+ 15. Kh1 Re8 16. Qe2 Re6 17. Nh5 d5 18. exd6 Rxe4 19. Qxe4 Bf5 20. Qe2
Qxd6 21. Re1 Qe6 22. Nxg7 Qxe2 23. Rxe2 Bg6 24. Ne8 Rc8 25. Nxc7 Kf8 26. Nb5
Bd3 27. Nd6 Rd8 28. Nxb7 Bxe2 29. Nxd8 Nxd8 30. h3 Ne6 31. g4 Nf4 32. Kh2 Ke7
33. Kg3 Nd5 34. Bd4 a6 35. a3 Ke6 36. b4 Nc7 37. a4 Bd1 38. a5 Nd5 39. Bc5 Ba4
40. h4 f5 41. gxf5+ Kxf5 42. h5 Kg5 43. h6 Kxh6 44. Kg4 Kg6 45. Kh4 Nf6 46. Bb6
Kf5 47. Bc5 Ne4 48. Be7 Ke6 49. Bd8 Nf2 50. Kg5 Nd3 51. Kh6 Nxb4 52. Kxh7 Nc6
53. Bb6 Kd5 54. Kh6 Kc4 55. Kg5 Kb5 56. Bc7 Nxa5 57. Kf4 Nc4 58. Ke4 Nb6 59.
Kd3 Bb3 60. Be5 a5 61. Kc3 Bc4 62. Kb2 Nd5 63. Ka3 a4 64. Bg7 Ne3 65. Bf6 Bb3
66. Kb2 Nc4+ 67. Kc3 a3 1/2-1/2

[Event "Coupe de la Federation, phase inter-reg"]
[Site "?"]
[Date "2003.05.11"]
[Round "1"]
[White "Trens, Yohan"]
[Black "Detanoy, Fabrice"]
[Result "1-0"]
[WhiteElo "1730"]
[BlackElo "1680"]
[PlyCount "121"]

1. e4 d5 2. exd5 Qxd5 3. Nc3 Qd6 4. Nf3 Bg4 5. Bc4 e6 6. d3 Nf6 7. Qe2 a6 8.
Be3 Nc6 9. Bb3 Na5 10. h3 Nxb3 11. axb3 Bh5 12. O-O Be7 13. Ne4 Nxe4 14. dxe4
Qc6 15. Bd4 Bf6 16. c3 Bxd4 17. cxd4 O-O 18. Qe3 Rad8 19. Rac1 Qb6 20. Rfd1 Rd6
21. g4 Bg6 22. Rd2 Rfd8 23. Rdc2 c6 24. h4 h5 25. g5 Qc7 26. Rd2 Qe7 27. Ne5
Bh7 28. Nc4 R6d7 29. Nb6 Rd6 30. e5 R6d7 31. Nxd7 Qxd7 32. Rcd1 Bf5 33. f3 Qd5
34. Rf1 c5 35. Rfd1 c4 36. bxc4 Qxc4 37. Qc3 Qd5 38. Kf2 b5 39. Rc1 a5 40. Qc5
Qxc5 41. Rxc5 Rb8 42. d5 exd5 43. Rdxd5 Be6 44. Rxb5 Rxb5 45. Rxb5 a4 46. Ra5
Bb3 47. Ke3 Kf8 48. Kd4 Ke7 49. Ra6 Kd7 50. Rb6 Bd1 51. f4 Kc7 52. Kc5 Bc2 53.
Ra6 Bb3 54. Kb4 g6 55. Rxa4 Bxa4 56. Kxa4 Kc6 57. b4 Kb6 58. b5 Kb7 59. Ka5 Ka7
60. b6+ Kb7 61. Kb5 1-0

[Event "Coupe de la Federation, phase inter-reg"]
[Site "?"]
[Date "2003.05.11"]
[Round "1"]
[White "Poirier, Benoit"]
[Black "Roy, Alexandre"]
[Result "0-1"]
[WhiteElo "1730"]
[BlackElo "1590"]
[PlyCount "64"]

1. e4 c5 2. Nc3 Nc6 3. f4 d6 4. Bc4 e6 5. Nf3 Nf6 6. d3 Be7 7. O-O O-O 8. Ng5
h6 9. Nh3 a6 10. a3 d5 11. e5 dxc4 12. exf6 Bxf6 13. dxc4 Qxd1 14. Nxd1 Nd4 15.
Rf2 Rd8 16. Be3 e5 17. fxe5 Bxe5 18. Nf4 Bf5 19. Rc1 Bxc2 20. Nd5 Be4 21. N1c3
Bd3 22. Rd1 Bxc4 23. Nb6 Bb3 24. Rdf1 Rab8 25. a4 Rd6 26. a5 Rbd8 27. Ne4 Rc6
28. Nd2 Be6 29. Ndc4 Bf6 30. Bxh6 Bxc4 31. Nxc4 Re6 32. Be3 b5 0-1

[Event "Coupe de la Federation, phase inter-reg"]
[Site "?"]
[Date "2003.05.11"]
[Round "1"]
[White "Ballerat, Fabrice"]
[Black "Brand, Georges"]
[Result "1-0"]
[WhiteElo "1690"]
[BlackElo "1630"]
[PlyCount "85"]

1. c4 Nf6 2. Nf3 e6 3. a3 g6 4. Nc3 Bg7 5. d4 O-O 6. e3 d5 7. cxd5 Nxd5 8. Bd2
Nxc3 9. Bxc3 Nd7 10. Be2 Nf6 11. O-O b6 12. Rc1 Bb7 13. Bb4 Re8 14. Bb5 Nd7 15.
Qe2 a6 16. Ba4 Rc8 17. Bc3 Re7 18. Rfd1 b5 19. Bb3 Qe8 20. Bb4 Nf6 21. Bxe7
Qxe7 22. Rd2 Be4 23. Bc2 Ba8 24. Bd3 c5 25. dxc5 Ne4 26. Rdc2 Bc6 27. Nd4 Bxd4
28. exd4 Nf6 29. Qe5 Rd8 30. f3 Rd5 31. Qe3 Qd7 32. Be4 Nxe4 33. fxe4 Rxd4 34.
Rf2 Rxe4 35. Qg5 Qd4 36. Qd2 Qe5 37. Rcf1 Qxc5 38. Qd8+ Kg7 39. Kh1 f5 40. Qc7+
Kh6 41. Rf3 Rh4 42. Rc3 Qe5 43. Qxe5 1-0

[Event "Coupe de la Federation, phase inter-reg"]
[Site "?"]
[Date "2003.05.11"]
[Round "1"]
[White "Roux, Lionel"]
[Black "Bujan, Robert"]
[Result "1-0"]
[WhiteElo "1610"]
[BlackElo "1499"]
[PlyCount "57"]

1. e4 e6 2. d4 d5 3. e5 c5 4. c3 Nc6 5. Nf3 Bd7 6. a3 c4 7. Be2 Qc7 8. Nbd2 f6
9. b3 b5 10. a4 fxe5 11. axb5 Na5 12. Nxe5 cxb3 13. Nxd7 Kxd7 14. Bb2 Nf6 15.
O-O Bd6 16. Nf3 h6 17. Ne5+ Bxe5 18. dxe5 Ne4 19. Bg4 Nc4 20. Qxd5+ Ke7 21.
Qxe6+ Kf8 22. b6 Ng5 23. bxc7 Nxe6 24. Bxe6 Nxb2 25. c8=Q+ Rxc8 26. Bxc8 Ke7
27. Rxa7+ Kd8 28. Be6 Re8 29. Ra8+ 1-0

[Event "Coupe de la Federation, phase inter-reg"]
[Site "?"]
[Date "2003.05.11"]
[Round "1"]
[White "Godain, Jean-Marc"]
[Black "Pupier, Terry"]
[Result "1/2-1/2"]
[WhiteElo "1740"]
[BlackElo "1780"]
[PlyCount "29"]

1. e4 c5 2. Nf3 d6 3. d4 cxd4 4. c3 dxc3 5. Nxc3 Nc6 6. Bc4 e6 7. O-O Nf6 8.
Qe2 a6 9. a3 Qc7 10. Rd1 Be7 11. h3 O-O 12. Bf4 Nd7 13. Rac1 Qb8 14. Ba2 Nde5
15. b4 1/2-1/2

[Event "Coupe de la Federation, phase inter-reg"]
[Site "?"]
[Date "2003.05.11"]
[Round "1"]
[White "Dequidt, Adrien"]
[Black "Buzy, Aime"]
[Result "1-0"]
[WhiteElo "1660"]
[BlackElo "1680"]
[PlyCount "77"]

1. d4 d5 2. Nf3 Nf6 3. e3 e6 4. Bd3 c5 5. c3 c4 6. Bc2 b5 7. Nbd2 Bb7 8. O-O
Nbd7 9. Re1 Ne4 10. Nxe4 dxe4 11. Nd2 Nf6 12. b3 Qa5 13. bxc4 bxc4 14. Nxc4 Qc7
15. Ba4+ Bc6 16. Ne5 Bxa4 17. Qxa4+ Nd7 18. c4 Bd6 19. Rb1 Bxe5 20. dxe5 O-O
21. Ba3 Rfc8 22. Bd6 Qc6 23. Qxc6 Rxc6 24. Rb7 Nc5 25. Bxc5 Rxc5 26. Rd1 Rxc4
27. Rxa7 Rac8 28. h4 h5 29. Rdd7 Rf8 30. a4 Rc5 31. a5 Rxe5 32. a6 Ra5 33. Kh2
g6 34. Kg3 Ra4 35. Kf4 Kg7 36. Rd6 Kf6 37. Rb7 Ra5 38. a7 Ra8 39. Rdd7 1-0

[Event "Coupe de la Federation, phase inter-reg"]
[Site "?"]
[Date "2003.05.11"]
[Round "1"]
[White "Saint-Sulpice, Xavier"]
[Black "Vier, Serge"]
[Result "1/2-1/2"]
[WhiteElo "1620"]
[BlackElo "1650"]
[PlyCount "67"]

1. e4 e6 2. d4 d5 3. exd5 exd5 4. Nc3 Nf6 5. Bd3 Be7 6. Nf3 Bg4 7. O-O O-O 8.
Be2 Nbd7 9. Bg5 c6 10. a3 Re8 11. Re1 Qc7 12. Qd2 Bd6 13. g3 h6 14. Be3 Re7 15.
Kg2 Rae8 16. Ng1 Bf5 17. Bd3 Bxd3 18. Qxd3 Ne4 19. Nxe4 Rxe4 20. Bd2 Nf6 21. f3
Rxe1 22. Rxe1 Rxe1 23. Bxe1 Qe7 24. Bd2 Kf8 25. Kf2 Qe6 26. Ne2 Qh3 27. Kg1 h5
28. Nf4 Bxf4 29. Bxf4 h4 30. Qf1 Qxf1+ 31. Kxf1 hxg3 32. hxg3 Ke8 33. Be5 Ke7
34. Bxf6+ 1/2-1/2

[Event "Coupe de la Federation, phase inter-reg"]
[Site "?"]
[Date "2003.05.11"]
[Round "1"]
[White "Vinot, Raoul"]
[Black "Tripoz, Alexandre"]
[Result "0-1"]
[WhiteElo "1390"]
[BlackElo "1570"]
[PlyCount "60"]

1. d4 d5 2. c4 e6 3. Nc3 Nf6 4. Nf3 c6 5. Bg5 Nbd7 6. e3 Be7 7. Bd3 Qb6 8. Qc2
O-O 9. O-O h6 10. Bh4 Re8 11. c5 Qc7 12. Bg3 Qd8 13. Rfe1 Nh5 14. Bd6 Bxd6 15.
cxd6 Nb6 16. Ne5 Rf8 17. Nxf7 Rxf7 18. Bg6 Rf8 19. Bxh5 Qxd6 20. e4 e5 21. exd5
exd4 22. Ne4 Qxd5 23. Bf3 Kh8 24. Nf6 Qf5 25. Ne4 Qg6 26. Qc5 Rxf3 27. Ng3 Rf7
28. Re8+ Kh7 29. Qxd4 Rxf2 30. Qxf2 Qxe8 0-1

[Event "Coupe de la Federation, phase inter-reg"]
[Site "?"]
[Date "2003.05.11"]
[Round "1"]
[White "Mollard, Bernard"]
[Black "Couillerot, David"]
[Result "0-1"]
[WhiteElo "1690"]
[BlackElo "1690"]
[PlyCount "106"]

1. e4 c5 2. Nf3 e6 3. Bc4 a6 4. a4 Qc7 5. Nc3 Nc6 6. O-O Nf6 7. d3 Be7 8. h3 b6
9. Re1 d6 10. Bf4 O-O 11. e5 dxe5 12. Nxe5 Bd6 13. Nxc6 Bxf4 14. Qf3 Bd6 15. d4
Bb7 16. d5 exd5 17. Nxd5 Qxc6 18. Nxf6+ gxf6 19. Qxc6 Bxc6 20. Rad1 Be5 21. b3
b5 22. axb5 axb5 23. Bd5 Bxd5 24. Rxd5 Rac8 25. Red1 Bd4 26. Rd3 Rfd8 27. Rf5
Be5 28. Rff3 Rxd3 29. Rxd3 Ra8 30. g3 Kf8 31. f4 Bd4+ 32. Kg2 b4 33. Kf3 Ke7
34. Ke4 Kd6 35. Rd2 Re8+ 36. Kf3 Kd5 37. Kg4 Re3 38. Rg2 c4 39. bxc4+ Kxc4 40.
Kh5 Kc3 41. Kh6 Rf3 42. Kxh7 Rf2 43. Rg1 Rxc2 44. Rb1 b3 45. h4 b2 46. h5 Rc1
47. Rxb2 Kxb2 48. Kg7 Rg1 49. f5 Rxg3+ 50. Kxf7 Rg5 51. h6 Rxf5 52. Kg6 Rf1 53.
h7 f5 0-1

[Event "Coupe de la Federation, phase inter-reg"]
[Site "?"]
[Date "2003.05.11"]
[Round "1"]
[White "Molina, Joaquin"]
[Black "Peltier, Mathias"]
[Result "0-1"]
[WhiteElo "1520"]
[BlackElo "1660"]
[PlyCount "70"]

1. c4 c6 2. Nc3 Nf6 3. g3 d5 4. cxd5 cxd5 5. d4 Nc6 6. Bg2 e6 7. Nf3 Be7 8. O-O
O-O 9. a3 b6 10. b4 Bb7 11. b5 Na5 12. Nd2 Rc8 13. Bb2 Qd7 14. e4 dxe4 15.
Ncxe4 Bxe4 16. Nxe4 Qxb5 17. Qb1 Nc4 18. Ra2 Rc7 19. Rd1 Rfc8 20. Nxf6+ Bxf6
21. Bf1 Qd5 22. Bg2 Qb5 23. Qd3 Nd6 24. Qb1 Rc2 25. Bf1 Qf5 26. f4 Qg4 27. Bd3
Bxd4+ 28. Bxd4 Rxa2 29. Bxh7+ Kh8 30. Bxg7+ Kxg7 31. Rxd6 Qe2 32. Be4 Qe3+ 33.
Kh1 Rc1+ 34. Rd1 Rxb1 35. Rxb1 Qxe4+ 0-1

[Event "Coupe de la Federation, phase inter-reg"]
[Site "?"]
[Date "2003.05.11"]
[Round "1"]
[White "Babakan, Kouros"]
[Black "L'Hermitte, Emmanuel"]
[Result "0-1"]
[WhiteElo "1670"]
[BlackElo "1560"]
[PlyCount "83"]

1. e4 c6 2. d4 d5 3. Nc3 dxe4 4. Nxe4 Bf5 5. Ng3 Bg6 6. Nf3 Nd7 7. h4 h6 8. h5
Bh7 9. Bd3 Bxd3 10. Qxd3 Ngf6 11. Bf4 e6 12. O-O-O Be7 13. Kb1 O-O 14. Ne4 Nxe4
15. Qxe4 Nf6 16. Qe2 Qd5 17. Rdg1 Nxh5 18. Be5 Nf6 19. Ng5 Nd7 20. c4 Qa5 21.
Nxe6 fxe6 22. Qg4 Nxe5 23. Qxe6+ Rf7 24. dxe5 Rd8 25. f4 Qd2 26. Qg6 Qd3+ 27.
Qxd3 Rxd3 28. g3 Rd4 29. b3 Ba3 30. Kc2 Rfd7 31. Rg2 Kf7 32. Re1 Ke6 33. Rf2 g6
34. g4 Rf7 35. f5+ gxf5 36. gxf5+ Rxf5 37. Rxf5 Kxf5 38. Kc3 Re4 39. Rh1 Rxe5
40. Rxh6 c5 41. Rh7 Bb4+ 42. Kd3 0-1

[Event "Coupe de la Federation, phase inter-reg"]
[Site "?"]
[Date "2003.05.11"]
[Round "1"]
[White "Chanove, Bruno"]
[Black "Coquet, Michel"]
[Result "0-1"]
[WhiteElo "1680"]
[BlackElo "1499"]
[PlyCount "64"]

1. e4 c5 2. Nf3 Nc6 3. Nc3 d6 4. d4 cxd4 5. Nxd4 Nf6 6. Bg5 e5 7. Nxc6 bxc6 8.
Bc4 Be7 9. O-O O-O 10. Qe2 Rb8 11. Bb3 Be6 12. Be3 Qc7 13. Rfd1 Rfd8 14. f3 Qb7
15. Qf2 a5 16. Bxe6 fxe6 17. Rab1 d5 18. exd5 exd5 19. Bc5 d4 20. Bxe7 Qxe7 21.
Ne2 Nd5 22. Qe1 Qc5 23. Qf2 Qxc2 24. Rdc1 Qg6 25. Qg3 Qf6 26. Rd1 c5 27. b3 d3
28. Rxd3 Nb4 29. Rxd8+ Rxd8 30. a3 Nc2 31. Rc1 Rd2 32. Nc3 Qd6 0-1

[Event "Coupe de la Federation, phase inter-reg"]
[Site "?"]
[Date "2003.05.11"]
[Round "1"]
[White "Mazzega, Denis"]
[Black "Creston, Gregory"]
[Result "1-0"]
[WhiteElo "1560"]
[BlackElo "1460"]
[PlyCount "71"]

1. e4 c5 2. Nf3 d6 3. Be2 Nf6 4. Nc3 g6 5. O-O Bg7 6. d4 cxd4 7. Nxd4 O-O 8.
Be3 b6 9. Qd2 Bb7 10. Bd3 Ng4 11. f4 Nxe3 12. Qxe3 e5 13. Nf3 Bh6 14. g3 Nc6
15. Nd5 Na5 16. Ng5 exf4 17. gxf4 Bxd5 18. exd5 Re8 19. Qd2 Qf6 20. b4 Qd4+ 21.
Qf2 Qxf2+ 22. Rxf2 Bg7 23. Raf1 Nb7 24. Kg2 Bd4 25. Rf3 Re3 26. Bb5 h6 27. Rxe3
Bxe3 28. Ne4 Kg7 29. Bc6 Rb8 30. Rf3 Bd4 31. Rd3 Bf6 32. Bxb7 Rxb7 33. Nxd6 Re7
34. c4 Re2+ 35. Kf3 Rxa2 36. Ne8+ 1-0

[Event "Coupe de la Federation, phase inter-reg"]
[Site "?"]
[Date "2003.05.11"]
[Round "1"]
[White "Bellotti, Laurent"]
[Black "Ortega, Ludovic"]
[Result "1-0"]
[WhiteElo "1499"]
[BlackElo "1499"]
[PlyCount "93"]

1. e4 e5 2. Nf3 Nc6 3. Bb5 a6 4. Bxc6 dxc6 5. Nc3 f6 6. d4 Bg4 7. O-O exd4 8.
Qxd4 Bxf3 9. Qxd8+ Rxd8 10. gxf3 Bd6 11. f4 Ne7 12. Be3 Ng6 13. f5 Ne5 14. Kg2
Ng4 15. h3 Nxe3+ 16. fxe3 Be5 17. Rad1 Kf7 18. Rxd8 Rxd8 19. Rd1 Rd6 20. Rxd6
cxd6 21. Nd1 Ke7 22. b3 b5 23. Kf2 d5 24. exd5 cxd5 25. a4 b4 26. Kf3 h5 27.
Nf2 Kd6 28. e4 dxe4+ 29. Kxe4 a5 30. Nd3 Bc3 31. Nf4 h4 32. Nh5 g5 33. fxg6 Ke7
34. Kf5 Be5 35. g7 Kf7 36. Kg4 Bg3 37. Nxf6 Kxg7 38. Nh5+ Kg6 39. Nxg3 hxg3 40.
Kxg3 Kh5 41. Kf3 Kh4 42. Ke4 Kxh3 43. Kd5 Kg3 44. Kc5 Kf3 45. Kb5 Ke3 46. Kxa5
Kd2 47. Kxb4 1-0

[Event "Coupe de la Federation, phase inter-reg"]
[Site "?"]
[Date "2003.05.11"]
[Round "2"]
[White "Peltier, Mathieu"]
[Black "Balaga, Michel"]
[Result "1-0"]
[WhiteElo "1660"]
[BlackElo "1720"]
[PlyCount "77"]

1. e4 e6 2. d4 d5 3. exd5 exd5 4. Bd3 Bd6 5. Ne2 Ne7 6. Bf4 Bxf4 7. Nxf4 Qd6 8.
Qd2 Nbc6 9. c3 Bf5 10. Bxf5 Nxf5 11. Na3 a6 12. O-O O-O 13. Nd3 Rfe8 14. Rfe1
b6 15. Qf4 Qxf4 16. Nxf4 Nce7 17. Kf1 c6 18. Re2 Ng6 19. Rxe8+ Rxe8 20. Nxg6
hxg6 21. Re1 Kf8 22. Nc2 Rxe1+ 23. Kxe1 a5 24. f3 Ke7 25. Kf2 Kd6 26. Ne3 Nxe3
27. Kxe3 g5 28. f4 gxf4+ 29. Kxf4 Ke6 30. g4 f6 31. h4 a4 32. h5 c5 33. b4 c4
34. a3 b5 35. g5 Ke7 36. Kf5 fxg5 37. Kxg5 Kf7 38. Kf5 Ke7 39. Ke5 1-0

[Event "Coupe de la Federation, phase inter-reg"]
[Site "?"]
[Date "2003.05.11"]
[Round "2"]
[White "Chemin, Serge"]
[Black "Babakan, Kouros"]
[Result "1-0"]
[WhiteElo "1690"]
[BlackElo "1670"]
[PlyCount "87"]

1. c4 e5 2. Nc3 d6 3. Nf3 Nf6 4. g3 b6 5. Bg2 Bb7 6. O-O Be7 7. d4 exd4 8. Qxd4
O-O 9. e4 Nc6 10. Qd3 Re8 11. b3 Bf8 12. Re1 Nb4 13. Qb1 g6 14. Bb2 Bg7 15. a3
Nc6 16. Qc2 Nd7 17. Nd5 Nce5 18. Nxe5 dxe5 19. Rad1 Qg5 20. Nxc7 Nf6 21. Nxa8
Bxa8 22. h3 Nh5 23. Rd7 a5 24. Red1 Bf8 25. Bc1 Qf6 26. Qd3 Bc5 27. Qf3 Qe6 28.
Rd8 Kg7 29. Rxe8 Qxe8 30. Qd3 Bd4 31. Be3 Nf6 32. Bxd4 exd4 33. Qxd4 Qc6 34. f3
h6 35. e5 Nh5 36. e6+ Nf6 37. exf7 Kxf7 38. Rd2 Qe6 39. Kf2 Qe7 40. Qxb6 Nd7
41. Qxa5 Nc5 42. Qxa8 Nxb3 43. Qd5+ Kg7 44. Qd7 1-0

[Event "Coupe de la Federation, phase inter-reg"]
[Site "?"]
[Date "2003.05.11"]
[Round "2"]
[White "Coquet, Michel"]
[Black "Esteoule, Guy"]
[Result "1-0"]
[WhiteElo "1499"]
[BlackElo "1670"]
[PlyCount "103"]

1. e4 e5 2. Nf3 Nc6 3. Bc4 Be7 4. d4 exd4 5. Nxd4 Ne5 6. Bb3 Nf6 7. Nc3 O-O 8.
O-O c6 9. h3 d5 10. f4 Nc4 11. e5 Nd7 12. e6 Ndb6 13. f5 c5 14. exf7+ Rxf7 15.
Ne6 Bxe6 16. fxe6 Rxf1+ 17. Qxf1 Ne5 18. Bf4 Ng6 19. Bxd5 Nxd5 20. Rd1 Ngxf4
21. g3 Nxe6 22. Rxd5 Qf8 23. Rf5 Bf6 24. Nd5 Bd4+ 25. Kh2 Qd6 26. Qc4 Rf8 27.
Rxf8+ Kxf8 28. c3 Be5 29. Qf1+ Kg8 30. Qf3 Ng5 31. Qg2 b6 32. h4 Nf7 33. c4 Nh6
34. Qh3 Nf7 35. Qc8+ Nd8 36. Qg4 Qe6 37. Qf3 h6 38. b3 Nc6 39. Kg2 Nd4 40. Qe3
Kh8 41. Qe4 Qf5 42. Qe3 Nc2 43. Qe2 Qe6 44. Nf4 Qc6+ 45. Nd5 Nd4 46. Qxe5 Qg6
47. Ne7 Qf7 48. Qe4 g5 49. hxg5 hxg5 50. Ng6+ Kg7 51. Ne7 Qf6 52. Qb7 1-0

[Event "Coupe de la Federation, phase inter-reg"]
[Site "?"]
[Date "2003.05.11"]
[Round "2"]
[White "Marchal, Roger"]
[Black "Mazzega, Denis"]
[Result "0-1"]
[WhiteElo "1620"]
[BlackElo "1560"]
[PlyCount "24"]

1. d4 d5 2. e4 dxe4 3. Nc3 Nf6 4. f3 Nc6 5. Bb5 Bd7 6. Be3 e6 7. a3 Be7 8. fxe4
O-O 9. e5 Nd5 10. Qg4 Nxe3 11. Qe4 Nd5 12. Bd3 f5 0-1

[Event "Coupe de la Federation, phase inter-reg"]
[Site "?"]
[Date "2003.05.11"]
[Round "2"]
[White "Pupier, Terry"]
[Black "Trens, Yohan"]
[Result "1-0"]
[WhiteElo "1780"]
[BlackElo "1730"]
[PlyCount "109"]

1. e4 c5 2. Nf3 Nc6 3. d4 cxd4 4. Nxd4 Nf6 5. Nc3 e6 6. Be3 Bb4 7. Nxc6 Bxc3+
8. bxc3 bxc6 9. Bd3 d5 10. e5 Nd7 11. f4 Qh4+ 12. g3 Qe7 13. Qd2 Nc5 14. Kf2 a5
15. Rhb1 Ba6 16. Rb6 Bb5 17. Kg2 Nxd3 18. cxd3 O-O 19. a4 Ba6 20. Rab1 Qc7 21.
Bc5 Rfc8 22. R1b2 Qd8 23. d4 Bc4 24. Qc2 Rab8 25. Qb1 Rxb6 26. Bxb6 Qd7 27. Bc5
f6 28. Rb7 Rc7 29. Rb8+ Rc8 30. Qb6 Rxb8 31. Qxb8+ Kf7 32. Qf8+ Kg6 33. exf6
gxf6 34. Be7 Kf5 35. Qxf6+ Ke4 36. Qe5+ Kd3 37. Bg5 Kxc3 38. Qe3+ Kb4 39. Qe1+
Kxa4 40. Qa1+ Kb5 41. Qb2+ Ka6 42. Qb8 Qb7 43. Qxb7+ Kxb7 44. Be7 Kb6 45. Kf3
Kb5 46. Ke3 Ka4 47. h4 Ba2 48. g4 Bb1 49. h5 Kb3 50. g5 a4 51. g6 hxg6 52. h6
g5 53. fxg5 a3 54. Bxa3 Kxa3 55. Kf4 1-0

[Event "Coupe de la Federation, phase inter-reg"]
[Site "?"]
[Date "2003.05.11"]
[Round "2"]
[White "Roy, Alexandre"]
[Black "Dequidt, Adrien"]
[Result "0-1"]
[WhiteElo "1590"]
[BlackElo "1660"]
[PlyCount "72"]

1. e4 e5 2. Nc3 d6 3. f4 exf4 4. Nf3 Be7 5. Bc4 Bh4+ 6. Kf1 Be6 7. Bb3 Nh6 8.
h3 Bxb3 9. axb3 f5 10. Qe2 O-O 11. d3 fxe4 12. Qxe4 c6 13. Bxf4 Nf5 14. Kg1 d5
15. Qe6+ Kh8 16. Ne5 g5 17. Nf7+ Rxf7 18. Be5+ Kg8 19. Rf1 Nd7 20. Rxf5 Nxe5
21. Rxe5 Qb6+ 22. Kh2 Qf2 23. Ne2 Raf8 24. Re3 Qf6 25. Qxf6 Rxf6 26. Re7 R8f7
27. Re8+ Kg7 28. Ra1 a6 29. Ng1 g4 30. hxg4 Rf2 31. Nf3 R7xf3 32. Kg1 Rf7 33.
Ra4 Rxc2 34. g3 Bxg3 35. Ra1 Rxb2 36. Re3 Bf2+ 0-1

[Event "Coupe de la Federation, phase inter-reg"]
[Site "?"]
[Date "2003.05.11"]
[Round "2"]
[White "Vier, Serge"]
[Black "Ballerat, Fabrice"]
[Result "0-1"]
[WhiteElo "1650"]
[BlackElo "1690"]
[PlyCount "48"]

1. d4 d6 2. c4 Nf6 3. Nc3 g6 4. e4 Bg7 5. f3 Nbd7 6. Be3 c6 7. Qd2 h5 8. Bd3 b6
9. Nge2 c5 10. d5 Ne5 11. O-O-O Ba6 12. b3 Rb8 13. h3 Nxd3+ 14. Qxd3 Nd7 15. g4
Ne5 16. Qc2 Nxf3 17. Rdf1 Ne5 18. Nf4 h4 19. Ng2 b5 20. cxb5 Bxb5 21. Nxb5 Rxb5
22. Bg5 a5 23. Kd2 Qb8 24. Rb1 Nf3+ 0-1

[Event "Coupe de la Federation, phase inter-reg"]
[Site "?"]
[Date "2003.05.11"]
[Round "2"]
[White "Bujan, Robert"]
[Black "Vinot, Raoul"]
[Result "1-0"]
[WhiteElo "1499"]
[BlackElo "1390"]
[PlyCount "65"]

1. e4 e5 2. Nf3 Nc6 3. Bb5 d6 4. d4 a6 5. Bxc6+ bxc6 6. dxe5 d5 7. Nc3 Bb4 8.
Bd2 Bb7 9. O-O Ne7 10. Re1 O-O 11. a3 Bc5 12. b4 Ba7 13. Bg5 h6 14. Bxe7 Qxe7
15. exd5 Rad8 16. d6 cxd6 17. exd6 Qxd6 18. Qxd6 Rxd6 19. Re7 Rb8 20. Rae1 Kf8
21. h3 Rg6 22. Rd7 c5 23. Nh4 Rf6 24. Nf3 Rg6 25. Kf1 cxb4 26. axb4 Bb6 27.
Ree7 Bxf3 28. Rxf7+ Kg8 29. gxf3 Rf8 30. Rxf8+ Kxf8 31. Nd5 Ke8 32. Rb7 Bd4 33.
c3 1-0

[Event "Coupe de la Federation, phase inter-reg"]
[Site "?"]
[Date "2003.05.11"]
[Round "2"]
[White "Couillerot, David"]
[Black "Godain, Jean-Marc"]
[Result "1/2-1/2"]
[WhiteElo "1690"]
[BlackElo "1740"]
[PlyCount "38"]

1. d4 c6 2. c4 d5 3. Nf3 Nf6 4. e3 e6 5. Nc3 Nbd7 6. Qc2 dxc4 7. Bxc4 b5 8. Bd3
a6 9. e4 Bb7 10. e5 Nd5 11. Bxh7 Nb4 12. Qb1 c5 13. Be4 Bxe4 14. Nxe4 cxd4 15.
Nxd4 Nxe5 16. Be3 Nbd3+ 17. Ke2 f5 18. Ng5 f4 19. Ngxe6 Qh4 1/2-1/2

[Event "Coupe de la Federation, phase inter-reg"]
[Site "?"]
[Date "2003.05.11"]
[Round "2"]
[White "Buzy, Aime"]
[Black "Gros, Eddie"]
[Result "0-1"]
[WhiteElo "1680"]
[BlackElo "1460"]
[PlyCount "88"]

1. d4 e6 2. c4 h6 3. Nf3 d6 4. Nc3 g6 5. e4 Bg7 6. Be2 Ne7 7. Be3 a6 8. O-O g5
9. Rb1 Ng6 10. Qd2 e5 11. dxe5 Nxe5 12. Bd4 Nbc6 13. Nxe5 Nxd4 14. Qxd4 Bxe5
15. Qd3 O-O 16. Rfd1 f5 17. Qd5+ Kg7 18. Rbc1 f4 19. Bh5 g4 20. b3 Qh4 21. Bxg4
Qxg4 22. f3 Qg6 23. Rc2 Kh8 24. Kh1 Rg8 25. Qd2 Rg7 26. Nd5 Qf7 27. Qf2 Be6 28.
Qf1 Rag8 29. Nb4 Rg3 30. Nd3 R3g5 31. Nxe5 Rxe5 32. Qf2 Reg5 33. Qf1 Qg7 34.
Qf2 h5 35. Rdc1 Qg6 36. Qd4+ Kh7 37. Qf2 h4 38. Qxh4+ Rh5 39. Qxf4 Rg7 40. Qd2
Rh4 41. Ra1 Qg3 42. h3 Bxh3 43. gxh3 Rxh3+ 44. Qh2 Qxf3+ 0-1

[Event "Coupe de la Federation, phase inter-reg"]
[Site "?"]
[Date "2003.05.11"]
[Round "2"]
[White "Creston, Gregory"]
[Black "Saint-Sulpice, Xavier"]
[Result "1/2-1/2"]
[WhiteElo "1460"]
[BlackElo "1620"]
[PlyCount "73"]

1. e4 c5 2. d4 cxd4 3. c3 dxc3 4. Nxc3 g6 5. Bc4 Bg7 6. Nge2 Nc6 7. Be3 Nf6 8.
f3 O-O 9. Qd2 b6 10. O-O-O d6 11. Kb1 Ne5 12. Bb3 Bd7 13. Bh6 Rc8 14. Bxg7 Kxg7
15. h4 h6 16. Nf4 b5 17. Nfd5 Nxd5 18. Nxd5 Nc4 19. Bxc4 Rxc4 20. h5 g5 21. Ne3
Rc5 22. Qd4+ f6 23. b4 Rc7 24. Qd3 Rb7 25. e5 fxe5 26. Qg6+ Kh8 27. Qxh6+ Kg8
28. Qxg5+ Kh8 29. Qh6+ Kg8 30. Rh3 Bxh3 31. gxh3 Rf6 32. Rg1+ Kf7 33. Qh7+ Ke6
34. Rg8 Qb6 35. Qe4 Rf4 36. Qg6+ Rf6 37. Qg4+ 1/2-1/2